Statystyki dla Hiper Trudny Quiz: Flagi

Kliknij tutaj aby rozwiązać quiz!

Ogólne statystyki

  • Ten quiz został rozwiązany 122 razy
  • Średni wynik to 4 z 16

Statystyki odpowiedzi

Odpowiedź% Poprawnych
Irlandia Północna
71%
Katalonia
71%
Makau
63%
Wyspy Alandzkie
48%
Korsyka
43%
Wallis i Futuna
21%
Sint Eustatius
15%
Madera
13%
Szetlandy
13%
Midway
9%
Bornholm
7%
Normandia
7%
Orkady
7%
Navassa
5%
Herm
4%
Ascension
3%

Rozkład punktacji

Percentyl według liczby udzielonych odpowiedzi

Procent ludzi z każdym wynikiem

Twoja historia wyników

Nie rozwiązałeś tego quizu